The Big Bang Theory - Mort Subite - Statistiques

Statistiques générales
  • Ce quiz a été pris 153 fois
  • Le résultat moyen est 5 sur 30
Answers on the Grid
Answers color-coded by a green-red scale on the quiz's grid according to % correct below.
Johnny Galecki
Jim Parsons
Kaley Cuoco
Simon Helberg
Kunal Nayyar
Melissa Rauch
Mayim Bialik
Kevin Sussman
Sara Gilbert
Laura Spencer
Tania Raymonde
Jane Kaczmarek
Brian Patrick Wade
Alice Amter
Elon Musk
Bill Gates
Sara Rue
Brian Thomas Smith
Wil Wheaton
Stephen Hawking
James Hong
Casey Sander
Lauren Lapkus
Christine Baranski
Summer Glau
Aarti Mann
Ira Flatow
Eliza Dushku
Montana Jordan
April Bowlby
Sheldon Cooper
Penny Teller
Leonard Hofstadter
Howard Wolowitz
Rajesh Koothrappali
Bernadette Rostenkowski
Amy Fowler
Monica Bellucci
Scarlett Johansson
Harrison Ford
Demi Lovato
Kathy Packianathan
Frankie Muniz
Shahrukh Khan
Megan Fox
Arthur Jeffries
Amanda Walsh
Keira Knightley
 
Statistiques - réponses
Réponse % Correct
Kaley Cuoco
54%
Jim Parsons
49%
Stephen Hawking
45%
Kunal Nayyar
35%
Johnny Galecki
34%
Mayim Bialik
34%
Simon Helberg
34%
Melissa Rauch
32%
Wil Wheaton
32%
Elon Musk
28%
Bill Gates
25%
Kevin Sussman
18%
Sara Gilbert
13%
Summer Glau
11%
Eliza Dushku
10%
Jane Kaczmarek
10%
Ira Flatow
8%
Laura Spencer
8%
Christine Baranski
6%
Lauren Lapkus
6%
Aarti Mann
5%
Brian Patrick Wade
5%
James Hong
5%
Tania Raymonde
5%
Alice Amter
4%
Brian Thomas Smith
4%
Montana Jordan
4%
Sara Rue
4%
April Bowlby
3%
Casey Sander
3%
Aucun quiz correspondant
Distribution des résultats
% des personnes avec chaque résultat
Percentile par nombre de réponses
Votre historique - résultats
Vous n’avez pas pris ce quiz